01761cam a22003374i 4500003000900000005001700009008004100026035001900067040003300086082001900119100003200138245014500170264004300315300003700358336002100395337002500416338002300441505084200464526001001306526001001316526001001326526001001336526000801346526000801354526000801362526000801370526000801378526000801386526000801394650002101402PE-LiUPU20250731172747.0150617s1989 pe r 000 0 spa d a(Sirsi) a12288 aPE-LiUPUbspacPE-LiUPUerda04a234.7bS792211 aSteinweg, Bruno W.,eautor.10aJustificación, santificación, y la perfección cristiana :bla Restauración de la Imágen de Dios en el Hombre /cBruno W. Steinweg. 1aLima :bPublicaciones del CESU,c1989. a44 páginas ;c27 centímetros atext2rdacontent aunmediated2rdamedia avolume2rdacarrier0 a"Las Santas Escrituras pueden hacerte sabio para la salvación por medio de la fe" -- Justificación, santificación y perfección cristiana -- La santificación y la perfección cristiana en amplia perspectiva -- La fe que obra por el amor y purifica el alma -- La provisión divina para alcanzar la perfección cristiana -- ¿Qué es la perfección cristiana? -- Dios requiere la perfección -- La perfección puede ser alcanzada -- Cristo nuestro modelo -- La perfección se alcanza por esfuerzos perseverantes -- ¿Cómo puede ser alcanzada la perfección cristiana? -- La reforma pró salud y la perfección cristiana -- El estado de Adán -- ¿Habrá quienes alcanzaron la perfección desde el Edén? -- ¿Qué hace la lluvia tardía por los que la reciban? -- Ideas equivocadas de la perfección cristiana. aSEG42 aSEG41 aSEG40 aSEG39 aP94 aP87 aP86 aP85 aP77 aP76 aP3504aJustificación.